I want my banana! = (Record no. 18938)

MARC details
000 -LEADER
fixed length control field 01945cam a2200529 a 4500
001 - CONTROL NUMBER
control field sjds1105313
003 - CONTROL NUMBER IDENTIFIER
control field sjds
005 - DATE AND TIME OF LATEST TRANSACTION
control field 20171016142520.0
008 - FIXED-LENGTH DATA ELEMENTS--GENERAL INFORMATION
fixed length control field 951227s1996 nyua j 000 1 eng
010 ## - LIBRARY OF CONGRESS CONTROL NUMBER
LC control number 95053764
020 ## - INTERNATIONAL STANDARD BOOK NUMBER
International Standard Book Number 0812065808
035 ## - SYSTEM CONTROL NUMBER
System control number 163558
035 ## - SYSTEM CONTROL NUMBER
System control number (OCoLC)34076180
035 ## - SYSTEM CONTROL NUMBER
System control number 163558
040 ## - CATALOGING SOURCE
Original cataloging agency DLC
Transcribing agency DLC
Modifying agency OCL
-- IFA
-- UtOrBLW
041 0# - LANGUAGE CODE
Language code of text/sound track or separate title eng
-- spa
049 ## - LOCAL HOLDINGS (OCLC)
Holding library IFAA
099 ## - LOCAL FREE-TEXT CALL NUMBER (OCLC)
Classification number ESPANOL PICTURE BOOKS RISK
999 ## - SYSTEM CONTROL NUMBERS (KOHA)
Koha Dewey Subclass [OBSOLETE] ESPANOL PICTURE BOOKS RISK
100 1# - MAIN ENTRY--PERSONAL NAME
Personal name Risk, Mary,
Relator term author.
245 10 - TITLE STATEMENT
Title I want my banana! =
Remainder of title Quiero mi platano! /
Statement of responsibility, etc. Mary Risk ; pictures by Alex de Wolf ; Spanish story by Rosa Martin.
246 11 - VARYING FORM OF TITLE
Title proper/short title Quiero mi platano!
250 ## - EDITION STATEMENT
Edition statement First edition for the U.S. and Canada.
260 ## - PUBLICATION, DISTRIBUTION, ETC. (IMPRINT)
Place of publication, distribution, etc. Hauppauge, N.Y. :
Name of publisher, distributor, etc. Barron's,
Date of publication, distribution, etc. 1996.
264 #1 - PRODUCTION, PUBLICATION, DISTRIBUTION, MANUFACTURE, AND COPYRIGHT NOTICE
Place of production, publication, distribution, manufacture Hauppauge, N.Y. :
Name of producer, publisher, distributor, manufacturer Barron's,
Date of production, publication, distribution, manufacture, or copyright notice 1996.
300 ## - PHYSICAL DESCRIPTION
Extent 26 unnumbered pages :
Other physical details color illustrations ;
Dimensions 23 cm.
336 ## - CONTENT TYPE
Content type term text
Content type code txt
Source rdacontent
337 ## - MEDIA TYPE
Media type term unmediated
Media type code n
Source rdamedia
338 ## - CARRIER TYPE
Carrier type term volume
Carrier type code nc
Source rdacarrier
490 1# - SERIES STATEMENT
Series statement Language learning story books. I can read Spanish
520 ## - SUMMARY, ETC.
Summary, etc. Despite being offered tempting fruits by his jungle friends, Monkey wants only to find his lost banana.
521 ## - TARGET AUDIENCE NOTE
Target audience note "For ages 3 +" -- Cover P. [4].
521 8# - TARGET AUDIENCE NOTE
Target audience note 90
Source Lexile
526 0# - STUDY PROGRAM INFORMATION NOTE
Program name Accelerated Reader
Interest level LG
Reading level 1.0
Title point value 0.5
Public note 49438
650 #0 - SUBJECT ADDED ENTRY--TOPICAL TERM
Topical term or geographic name as entry element Monkeys
Form subdivision Juvenile fiction.
650 #0 - SUBJECT ADDED ENTRY--TOPICAL TERM
Topical term or geographic name as entry element Jungle animals
Form subdivision Juvenile fiction.
650 #0 - SUBJECT ADDED ENTRY--TOPICAL TERM
Topical term or geographic name as entry element Bananas
Form subdivision Juvenile fiction.
650 #0 - SUBJECT ADDED ENTRY--TOPICAL TERM
Topical term or geographic name as entry element Spanish language materials
General subdivision Bilingual
Form subdivision Juvenile literature.
650 #7 - SUBJECT ADDED ENTRY--TOPICAL TERM
Topical term or geographic name as entry element Monos
Form subdivision Novela juvenil.
Source of heading or term bidex
650 #7 - SUBJECT ADDED ENTRY--TOPICAL TERM
Topical term or geographic name as entry element Animales de jungla
Form subdivision Novela juvenil.
Source of heading or term bidex
650 #7 - SUBJECT ADDED ENTRY--TOPICAL TERM
Topical term or geographic name as entry element Plátanos
Form subdivision Novela juvenil.
Source of heading or term bidex
650 #7 - SUBJECT ADDED ENTRY--TOPICAL TERM
Topical term or geographic name as entry element Materiales bilingües en español
Form subdivision Literatura juvenil.
Source of heading or term bidex
700 1# - ADDED ENTRY--PERSONAL NAME
Personal name Wolf, Alex de.
700 1# - ADDED ENTRY--PERSONAL NAME
Personal name Martín, Rosa.
830 #0 - SERIES ADDED ENTRY--UNIFORM TITLE
Uniform title Language learning story books.
Name of part/section of a work I can read Spanish.
942 ## - ADDED ENTRY ELEMENTS (KOHA)
Koha item type Libro/Book
Holdings
Withdrawn status Lost status Damaged status Not for loan Home library Current library Date acquired Inventory number Total Checkouts Full call number Barcode Date last seen Price effective from Koha item type
        Las Pampas -- Satellite Las Pampas -- Satellite 16/10/2017 inventory date: 17-1-25   JI 35701599 16/10/2017 16/10/2017 Libro/Book

Powered by Koha